[Event "Quebec-ch U16"]
[Site "Montreal"]
[Date "1993.02.28"]
[Round "7"]
[White "Lefebvre, Frederic"]
[Black "Soudre, Nicolas"]
[Result "1/2-1/2"]
[WhiteElo "1682"]
[BlackElo "1813"]
[PlyCount "23"]
[EventDate "1993.02.25"]
[EventType "tourn"]
[EventRounds "7"]
[EventCountry "CAN"]
[SourceTitle "EXT 2022"]
[Source "ChessBase"]
[SourceDate "2021.10.06"]
[SourceVersion "1"]
[SourceVersionDate "2021.10.06"]
[SourceQuality "1"]

1. d4 Nf6 2. c4 g6 3. Nc3 Bg7 4. Nf3 d6 5. e4 0-0 6. Be2 e5 7. dxe5 dxe5 8. Qxd8 Rxd8 9. Bg5 Re8 10. 0-0-0 c6 11. Nxe5 Na6 12. Rd6 1/2-1/2